Które państwa uczestniczyła w 2wś - Statystyki

Ogólne statystyki
  • Ten quiz został rozwiązany 29 razy
    13 od ostatniego zresetowania
  • Średni wynik to 16 z 27
Statystyki odpowiedzi
Strona Państwa % Poprawnych
Axis Japonia
92%
Allies Polska
92%
Axis Włochy
92%
Allies Francja
83%
Axis Niemcy
83%
Allies Wielka Brytania
83%
Atak przez Rosję Litwa
75%
Allies Usa
75%
Axis Węgry
75%
Atak przez Rosję Estonia
67%
Atak przez Rosję Łotwa
67%
Allies Norwegia
67%
Axis Rumunia
67%
Allies Belgia
58%
Axis Bułgaria
58%
Allies Dania
58%
Allies Grecja
58%
Allies Jugosławia
58%
Allies Chiny
50%
Allies Holandia
50%
Allies Kanada
50%
Allies Luksemburg
42%
Allies Austria
33%
Allies Związek radziecki
33%
Allies Czechosłowacja
17%
Axis Tajlandia
17%
Allies Egipt
8%
Nie znaleziono quizów pasujących do podanych kryteriów
Rozkład punktacji
Procent ludzi z każdym wynikiem
Percentyl według liczby udzielonych odpowiedzi
Twoja historia wyników
Nie rozwiązałeś tego quizu od ostatniego zresetowania